Aplicaciones de la programación lineal (Registro nro. 3159)
[ vista simple ]
| 000 -LEADER | |
|---|---|
| fixed length control field | 00891 a2200205 4500 |
| 001 - CONTROL NUMBER | |
| control field | 39937 |
| 005 - DATE AND TIME OF LATEST TRANSACTION | |
| control field | 20260407155656.0 |
| 008 - FIXED-LENGTH DATA ELEMENTS--GENERAL INFORMATION | |
| fixed length control field | 260407a1986 arg spa d |
| 003 - CONTROL NUMBER IDENTIFIER | |
| control field | AR-UNSa-BCEJYS |
| 040 ## - CATALOGING SOURCE | |
| Original cataloging agency | AR-UNSa-BCEJYS |
| Language of cataloging | spa |
| Transcribing agency | AR-UNSa-BCEJYS |
| 080 ## - UNIVERSAL DECIMAL CLASSIFICATION NUMBER | |
| Universal Decimal Classification number | 519.86 |
| Common auxiliary subdivision | Teoría de modelos económico-matemáticos |
| 020 ## - INTERNATIONAL STANDARD BOOK NUMBER | |
| International Standard Book Number | 950-508-165-0 |
| 100 1# - MAIN ENTRY--PERSONAL NAME | |
| Personal name | Munier, Nolberto J. |
| 245 10 - TITLE STATEMENT | |
| Title | Aplicaciones de la programación lineal |
| Name of part/section of a work | ejemplos de esta técnica para la resolución de diversos problemas industriales y de planeamiento |
| 264 #1 - PRODUCTION, PUBLICATION, DISTRIBUTION, MANUFACTURE, AND COPYRIGHT NOTICE | |
| Place of production, publication, distribution, manufacture | Buenos Aires : |
| Name of producer, publisher, distributor, manufacturer | Astrea |
| Date of production, publication, distribution, manufacture, or copyright notice | 1986 |
| 300 ## - PHYSICAL DESCRIPTION | |
| Extent | 235 p. |
| Dimensions | 23 cm. |
| 505 ## - FORMATTED CONTENTS NOTE | |
| Formatted contents note | 1. Estudio estructural del método simplex - 2. Optimización de diversos objetivos - 3. El problema del transporte - 4. El problema de asignación de los juegos - 5. Aplicaciones de la programación lineal - |
| 590 ## - LOCAL NOTE (RLIN) | |
| Local note | niveau_biblio:m niveau_hierar:0 |
| 942 ## - ADDED ENTRY ELEMENTS (KOHA) | |
| Koha item type | |
| Withdrawn status | Lost status | Damaged status | Not for loan | Home library | Current library | Shelving location | Date acquired | Total checkouts | Full call number | Barcode | Date last seen | Price effective from | Koha item type |
|---|---|---|---|---|---|---|---|---|---|---|---|---|---|
| Biblioteca Prof. Eusebio Cleto del Rey | Biblioteca Prof. Eusebio Cleto del Rey | 07/04/2026 | 519.86 M963 | L53884 | 07/04/2026 | 07/04/2026 | Libro | ||||||
| Biblioteca Prof. Eusebio Cleto del Rey | Biblioteca Prof. Eusebio Cleto del Rey | 07/04/2026 | 519.86 M963 | L53885 | 07/04/2026 | 07/04/2026 | Libro |